000 01242nam2a22003131 4500
001 v19\rc\1731605
005 20250619043721.0
035 _a(NLR Aleph) 004826895
090 _a5069759
_c5069759
100 _a20061002d1901 |||y0rusy50 ca
101 1 _arus
_ceng
102 _aRU
105 _ay z |||a|
200 1 _aПоэмы, сказки
210 _d1901
_aБ. м.
215 _aXIV, [2], 325 с.
461 0 _1001v19\rc\1731604
_12001#$aСобрание сочинений Эдгара По$fВ пер. с англ. [и с предисл.] К.Д. Бальмонта. Т. 1-5$vТ. 1
_1700#1$3RU\NLR\AUTH\773219$7ca$aПо$bЭ. А.$f1809-1849$gЭдгар Аллан
_95770132
_aПо, Э. А. (1809-1849)
_cМосква
_d1901-1912
_fВ пер. с англ. [и с предисл.] К.Д. Бальмонта. Т. 1-5
_nСкорпион
_p5 т.
_tСобрание сочинений Эдгара По
_vТ. 1
801 0 _aRU
_bNLR
_gpsbo
801 0 _aRU
_bRuMoRGB
_2psbo
801 1 _aRU
_bProSoft-M
_2rusmarc
852 _aNLR
_j20.110.5.3
852 _aNLR
_j121/483
899 _aRuMoRGB
_jD 35/236
899 _aRuMoRGB
_jФ 1-75/12276-6
899 _aБАН
899 _aГПИБ
899 _aНБ МГУ
942 _cBOOK
980 _aNB